=LDR 00000nam 2200000 4500 =001 INLIS000000000053661 =005 20181129104525 =035 ##$$a 0010-1118000036 =007 ta =008 181129###########################0#ind## =020 ##$$a 979-442-291-6 =082 ##$$a 658.3 =084 ##$$a 658.3 BEC t =100 #$$a Becker, Brian E. =245 1#$$a transforming talent into strategic impact : $b mencapai sasaran strategis perusahaan melalui karyawan bertalenta /$c Brian E. Becker, Mark A. Huselid, Richard W. Beatty =260 ##$$a Jakarta :$b PPm,$c 2010 =300 ##$$a xvii,283 hlm. ; $c 21 cm. =990 ##$$a 85618561 =990 ##$$a 17.951 pb.2011